000 nam a22 7a 4500
999 _c8364
_d8364
008 180112b ||||| |||| 00| 0 eng d
100 _94778
_aSAAKSHI
245 _aENVIRONMENT ADVENTURE 4
260 _aNEW DELHI
_bNURTURE
_c2016